000 00530nam a22001457a 4500
020 _a9781780648231
082 _a910.68
_bHOL
100 _aHolland, Jacqueline
245 _aTour Operators and Operations : Development, Management and Responsibility
_bJacqueline Holland, David Leslie.
260 _aWallingford, Oxfordshire ; Boston, MA :
_bCABI,
_c2017.
300 _a282p. ;
504 _aIncludes bibliographical references and index.
650 _aTourism--Management - Package tours
_9128700
942 _2ddc
_cBK
999 _c613595
_d613595